| 000 | 00343nam a22001457a 4500 | ||
|---|---|---|---|
| 999 |
_c7933 _d7933 |
||
| 003 | OSt | ||
| 005 | 20200604162756.0 | ||
| 008 | 200604b ||||| |||| 00| 0 eng d | ||
| 020 | _a9781138628335 | ||
| 082 |
_a690 _bADM |
||
| 100 | _a Adams, Henry | ||
| 245 | _aAdams' building construction | ||
| 260 |
_aLondon _bRoutledge _c 2017 |
||
| 942 | _2ddc | ||